00700nam a2200241 a 4500001001300000003000900013005001700022008004100039020001000080082001700090100002500107245003700132260003500169300000900204500003500213505001600248650002200264700002500286902000800311942000700319952011700326999001500443nice12345678IN_TiNIC20260116011516.0050524s1952 egya grp 000 0 ara  ac10000a297.63bGHA1 aAl-Ghazali, Mohammad aFiqh-Us-Sirat (life of Muhammad) aEgyptbDarul Kitab Arabic1952 a359p aincludes index and biblioraphy2 aIndex, 145p aMuhammad, Prophet1 aAl-Ghazali, Mohammad bSRS cBK 001040708StackRoom-aHMIbHMId2007-07-09g100.00l0o297.63 GHA1p04524r2007-07-09v100.00w2005-05-24yBK c2152d2152